000 00300nam a2200121Ia 4500
005 20251222154437.0
008 251222s9999||||xx |||||||||||||| ||spa||
020 _a84-7533-006-1
082 _a868.9/S42/Ej.2
100 _a"Serrat Crespo, Manuel"
245 0 _aTratado de las confituras
942 _cLIB
999 _c36666
_d36666